AN EVALUATION OF THE EFFECTS OF NON FINANCIAL REWARD SYSTEM ON EMPLOYEES PERFORMANCE SURVEY OF CIVIL SERVICE EMPLOYEE IN NAROK COUNTY (Record no. 215924)

MARC details
000 -LEADER
fixed length control field 00490nam a22001457a 4500
008 - FIXED-LENGTH DATA ELEMENTS--GENERAL INFORMATION
fixed length control field 250717b |||||||| |||| 00| 0 eng d
050 ## - LIBRARY OF CONGRESS CALL NUMBER
Classification number THE HD 58.7 .K67 2014
Item number C. 1
100 ## - MAIN ENTRY--PERSONAL NAME
Personal name KOROSE, DANIEL T.
245 ## - TITLE STATEMENT
Title AN EVALUATION OF THE EFFECTS OF NON FINANCIAL REWARD SYSTEM ON EMPLOYEES PERFORMANCE SURVEY OF CIVIL SERVICE EMPLOYEE IN NAROK COUNTY
260 ## - PUBLICATION, DISTRIBUTION, ETC.
Place of publication, distribution, etc. KISII
Name of publisher, distributor, etc. KSU
Date of publication, distribution, etc. 2014
300 ## - PHYSICAL DESCRIPTION
Extent X, 50P.,ILL;
500 ## - GENERAL NOTE
General note INCLUDES REFERENCES
942 ## - ADDED ENTRY ELEMENTS (KOHA)
Source of classification or shelving scheme Library of Congress Classification
Koha item type Reference
Holdings
Withdrawn status Lost status Source of classification or shelving scheme Damaged status Not for loan Collection Home library Current library Shelving location Date acquired Inventory number Total checkouts Full call number Barcode Date last seen Copy number Price effective from Koha item type
    Library of Congress Classification   Not for loan Special Research Kisii University Library Kisii University Library On Display 07/17/2025 84744   THE HD 58.7 .K67 2014 000000019151 07/17/2025 C.1 07/17/2025 Reference